[Event "Djakovo (Women) op"]
[Site "Djakovo"]
[Date "2014.01.11"]
[Round "3"]
[White "Franciskovic, Borka"]
[Black "Jacimovic, Sara"]
[Result "1-0"]
[WhiteElo "2277"]
[BlackElo "1973"]
[PlyCount "115"]
[EventDate "2014.01.11"]
[EventType "swiss"]
[EventRounds "5"]
[EventCountry "CRO"]
[SourceTitle "EXT 2016"]
[Source "ChessBase"]
[SourceDate "2015.10.08"]
[SourceVersion "1"]
[SourceVersionDate "2015.10.08"]
[SourceQuality "1"]

1. c4 e6 2. Nf3 Nf6 3. g3 c5 4. Bg2 Nc6 5. 0-0 Be7 6. d4 d5 7. cxd5 exd5 8. dxc5 Bxc5 9. Qc2 Bb6 10. Nc3 0-0 11. Bg5 Be6 12. Na4 h6 13. Nxb6 axb6 14. Bf4 Ne4 15. Rfd1 Qf6 16. Be3 b5 17. Nd4 Rfc8 18. Nxe6 Qxe6 19. Qb3 Ne7 20. Qxb5 Nd6 21. Qd3 Nc4 22. Bd4 Rd8 23. b3 Nd6 24. Bb6 Rd7 25. e3 Ne4 26. Bxe4 Qxb6 27. Bg2 Rad8 28. Qd4 Qe6 29. Qb2 Qf5 30. Rd2 Nc6 31. Rad1 Ne5 32. Qc2 Nf3+ 33. Bxf3 Qxf3 34. Rd4 Qf6 35. e4 Qg6 36. Qd2 Rc7 37. Rxd5 Re8 38. e5 Rc2 39. Qd3 Qc6 40. Rd8 Rxa2 41. Rxe8+ Qxe8 42. Qd5 b5 43. Qd8 Ra8 44. Qxe8+ Rxe8 45. Rd5 Rb8 46. b4 Kf8 47. Kg2 Ke7 48. f4 g6 49. Kf3 Ke6 50. Rd6+ Ke7 51. Rd5 Ke6 52. Rc5 h5 53. h3 Rb6 54. g4 h4 55. Ke4 Rb7 56. f5+ gxf5+ 57. gxf5+ Ke7 58. Kf4 1-0